Guessing the Taylor Swift Song 10 - Statistics

General Stats
  • This quiz has been taken 27 times
  • The average score is 285 of 408
Answer Stats
Answer % Correct
a
100%
I
100%
the
100%
you
100%
You
100%
me
91%
love
87%
and
83%
And
83%
at
83%
At
83%
be
83%
hear
83%
in
83%
it
83%
my
83%
no
83%
where
83%
her
78%
I'm
78%
it's
78%
on
78%
on,
78%
so
78%
to
78%
you're
78%
don't
74%
for
74%
left
74%
right
74%
Right
74%
right,
74%
She
74%
They
74%
up
74%
when
74%
When
74%
who
74%
girl
70%
of
70%
one
70%
restaurant
70%
say,
70%
still
70%
Still
70%
that
70%
there
70%
want
70%
was
70%
"what
70%
But
65%
but
65%
day
65%
Did
65%
forever
65%
get
65%
have
65%
Help
65%
here
65%
If
65%
if
65%
Some
65%
stay
65%
break
61%
Cause
61%
cause
61%
corner
61%
died
61%
ever
61%
every
61%
front
61%
got
61%
haunt
61%
know
61%
long
61%
told
61%
23
57%
been
57%
can't
57%
choice
57%
collected
57%
could
57%
Dust
57%
fantasy
57%
Friends
57%
just
57%
married
57%
met
57%
our
57%
out
57%
sad
57%
She's
57%
sitting
57%
someone
57%
Strangers
57%
wrong
57%
After
52%
drop
52%
feel
52%
felt
52%
fly
52%
frozen?
52%
hair
52%
harm
52%
light
52%
Mind
52%
moment
52%
pin
52%
Rumors
52%
sure
52%
Time
52%
wife
52%
young
52%
about
48%
business
48%
Christmas
48%
dim
48%
Everybody
48%
everybody
48%
find
48%
Glass
48%
inside
48%
Kids
48%
moved
48%
new
48%
other
48%
run
48%
sight,"
48%
stayed
48%
stop
48%
supposed
48%
swear
48%
white
48%
won't
48%
buried
43%
burn
43%
change
43%
Cross
43%
Everything
43%
happen
43%
How
43%
lives
43%
mascara
43%
Matches
43%
Pages
43%
pinned
43%
shattered
43%
skies
43%
somewhere
43%
think
43%
born
39%
Breakups
39%
delusion?
39%
each
39%
expected
39%
legged
39%
perspective
39%
sat
39%
stared
39%
stick
39%
Trends
39%
turn
39%
unaware
39%
bear
35%
cloth
35%
lessons
35%
lose
35%
witness
35%
else
30%
learned
30%
Through
30%
went
30%
earned
26%
Wages
26%
No matching quizzes found
Score Distribution
Percent of People with Each Score
Percentile by Number Answered
Your Score History
You have not taken this quiz